Modernización de la Administración de Rentas Públicas : (Registro nro. 7742)

Detalles MARC
000 -LEADER
fixed length control field 01264nam a2200217Ia 4500
003 - CONTROL NUMBER IDENTIFIER
control field OSt
005 - DATE AND TIME OF LATEST TRANSACTION
control field 20210428084507.0
008 - FIXED-LENGTH DATA ELEMENTS--GENERAL INFORMATION
fixed length control field 210310s1965 mx gr 000 0 spa d
040 ## - CATALOGING SOURCE
Original cataloging agency CO-JMCR
Transcribing agency CO-JMCR
041 0# - LANGUAGE CODE
Language code of text/sound track or separate title spa
082 04 - DEWEY DECIMAL CLASSIFICATION NUMBER
Classification number 336.02 /
Item number C397m
Edition number 23
110 2# - MAIN ENTRY--CORPORATE NAME
Corporate name or jurisdiction name as entry element Centro Regional de Ayuda Técnica Agencia para el Desarrollo Internacional AID
9 (RLIN) 37220
245 10 - TITLE STATEMENT
Title Modernización de la Administración de Rentas Públicas :
Remainder of title aplicación de la cooperación técnica en el mejoramiento de la administración de rentas públicas en los gobiernos de los países en desarrollo /
Statement of responsibility, etc. Centro Regional de Ayuda Técnica Agencia para el Desarrollo Internacional
250 ## - EDITION STATEMENT
Edition statement Tercera edición
260 ## - PUBLICATION, DISTRIBUTION, ETC.
Place of publication, distribution, etc. México :
Name of publisher, distributor, etc. Centro Regional de Ayuda Técnica de la Agencia para el Desarrollo Internacional,
Date of publication, distribution, etc. 1965
300 ## - PHYSICAL DESCRIPTION
Other physical details vii, 105 páginas ;
Dimensions 23 cm.
505 0# - FORMATTED CONTENTS NOTE
Formatted contents note El público y el sistema de ingresos del erario -- Economías nacionales y estructuras fiscales -- Presupuesto de la renta pública -- Principales fuentes de ingresos del erario -- Administración de los programas de rentas públicas -- Ayuda técnica para la administración de la renta
650 14 - SUBJECT ADDED ENTRY--TOPICAL TERM
Topical term or geographic name entry element Rentas públicas
9 (RLIN) 15324
650 24 - SUBJECT ADDED ENTRY--TOPICAL TERM
Topical term or geographic name entry element Administración de impuestos
9 (RLIN) 37221
942 ## - ADDED ENTRY ELEMENTS (KOHA)
Source of classification or shelving scheme Dewey Decimal Classification
Koha item type Books
Existencias
Withdrawn status Lost status Source of classification or shelving scheme Damaged status Not for loan Collection code Home library Current library Date acquired Source of acquisition Total Checkouts Full call number Barcode Date last seen Copy number Price effective from Koha item type
    Dewey Decimal Classification     Non-fiction Biblioteca Pública José María del Castillo y Rada Biblioteca Pública José María del Castillo y Rada 04/15/2018 Donación   336.02 / C397m 430004464 05/16/2024 Ej.1 04/28/2021 Books